Normal view
MARC view
Entry Personal Name
001 - CONTROL NUMBER
- control field: 624299
003 - CONTROL NUMBER IDENTIFIER
- control field: OSt
005 - DATE AND TIME OF LATEST TRANSACTION
- control field: 20221005112214.0
008 - FIXED-LENGTH DATA ELEMENTS
- fixed length control field: 221005|| aca||aabn | a|a d
040 ## - CATALOGING SOURCE
- Original cataloging agency: OSt
- Transcribing agency: OSt
100 ## - HEADING--PERSONAL NAME
- Personal name: ਖ਼ਰਲ਼ਕ, ਗੁਰਬ॥F ਸਿੰਘ, ੳਗ
670 ## - SOURCE DATA FOUND
- Source citation: Work cat.: (OSt)1024187: ਲੇਰਮਡਤੋਵ, ਯੂਰੀ, ਸਾਡੇ ਸਮੇ੍ਵ ਦਾ ਨਾਇਕ, 2011
